លក្ខណៈរូប-គីមីនៃដីល្បប់ល្បាយខ្សាច់និងប្រព័ន្ធជីសំរាប់ប្រើប្រាស់ចំពោះដំណាំពោតក្នុងលក្ខខ័ណ្ឌចំការដូង (Record no. 100)
[ view plain ]
| 000 -LEADER | |
|---|---|
| fixed length control field | 00671nam a22001577a 4500 |
| 003 - CONTROL NUMBER IDENTIFIER | |
| control field | OSt |
| 005 - DATE AND TIME OF LATEST TRANSACTION | |
| control field | 20150906143413.0 |
| 008 - FIXED-LENGTH DATA ELEMENTS--GENERAL INFORMATION | |
| fixed length control field | 150906b xxu||||| |||| 00| 0 eng d |
| 040 ## - CATALOGING SOURCE | |
| Transcribing agency | RUA |
| 082 ## - DEWEY DECIMAL CLASSIFICATION NUMBER | |
| Classification number | AGR ពេជ 1990 B001 Or.1 |
| 100 ## - MAIN ENTRY--PERSONAL NAME | |
| 9 (RLIN) | 108 |
| Personal name | ពេជ ផល្លី |
| 245 ## - TITLE STATEMENT | |
| Title | លក្ខណៈរូប-គីមីនៃដីល្បប់ល្បាយខ្សាច់និងប្រព័ន្ធជីសំរាប់ប្រើប្រាស់ចំពោះដំណាំពោតក្នុងលក្ខខ័ណ្ឌចំការដូង |
| 260 ## - PUBLICATION, DISTRIBUTION, ETC. (IMPRINT) | |
| Place of publication, distribution, etc. | Phnom Penh |
| Name of publisher, distributor, etc. | RUA |
| Date of publication, distribution, etc. | 1990 |
| 300 ## - PHYSICAL DESCRIPTION | |
| Extent | 117p. |
| Other physical details | ill. |
| Dimensions | 29cm. |
| 942 ## - ADDED ENTRY ELEMENTS (KOHA) | |
| Source of classification or shelving scheme | |
| Koha item type | AGR |
No items available.